Thực trạng về nhận thức của giáo viên mầm non về bạo lực trẻ em trong các cơ sở giáo dục mầm non ngoài công lập ở tỉnh Bình Dương
Cơ quan chủ trì: Đại học Thủ Dầu Một
Wedi'i Gadw mewn:
| Prif Awdur: | |
|---|---|
| Fformat: | Llyfr |
| Iaith: | Undetermined |
| Cyhoeddwyd: |
Bình Dương
2016
|
| Pynciau: | |
| Mynediad Ar-lein: | http://lrc.tdmu.edu.vn/opac/search/detail.asp?aID=2&ID=35488 |
| Tagiau: |
Ychwanegu Tag
Dim Tagiau, Byddwch y cyntaf i dagio'r cofnod hwn!
|
| Thư viện lưu trữ: | Trung tâm Học liệu Trường Đại học Thủ Dầu Một |
|---|
| LEADER | 00964nam a2200193Ia 4500 | ||
|---|---|---|---|
| 001 | TDMU_35488 | ||
| 008 | 210410s9999 xx 000 0 und d | ||
| 082 | |a 305.8 | ||
| 090 | |b T116 | ||
| 100 | |a Tăng, Phương Tuyết | ||
| 245 | 0 | |a Thực trạng về nhận thức của giáo viên mầm non về bạo lực trẻ em trong các cơ sở giáo dục mầm non ngoài công lập ở tỉnh Bình Dương | |
| 245 | 0 | |c ThS. Tăng Phương Tuyết | |
| 260 | |a Bình Dương | ||
| 260 | |c 2016 | ||
| 300 | |a 67tr | ||
| 520 | |a Cơ quan chủ trì: Đại học Thủ Dầu Một | ||
| 650 | |a Báo cáo khoa học; Bạo lực trẻ em |x Thực trạng nhận thức |z Bình Dương; Giáo dục mầm non |x Bạo lực trẻ em |x Nhận thức | ||
| 856 | |u http://lrc.tdmu.edu.vn/opac/search/detail.asp?aID=2&ID=35488 | ||
| 980 | |a Trung tâm Học liệu Trường Đại học Thủ Dầu Một | ||